Modelovanie vzťahu k riziku v rozhodovaní ekonomických problémov

Vzťah k riziku je dôležitým aspektom v rozhodovaní v podmienkach neurčitosti. Koncept funkcie užitočnosti, ktorá obsahuje vzťah rozhodovateľa k riziku. Modelovanie preferencií pomocou funkcie užitočnosti je subjektívnym procesom. Niektoré metódy odhadu užitočnosti založené na ekvivalente istoty. Opi...

Ausführliche Beschreibung

Gespeichert in:
Bibliographische Detailangaben
1. Verfasser: Sušienková, Katarína, 1967-
Format: Buchkapitel
Sprache:Slowakisch
Schlagworte:
Tags: Tag hinzufügen
Keine Tags, Fügen Sie das erste Tag hinzu!

MARC

LEADER 00000nla$a2200000$$$4500
001 0093927
005 20240502083237.6
041 0 |a slo 
044 |a CZ 
245 1 0 |a Modelovanie vzťahu k riziku v rozhodovaní ekonomických problémov  |c Katarína Sušienková 
520 |a Vzťah k riziku je dôležitým aspektom v rozhodovaní v podmienkach neurčitosti. Koncept funkcie užitočnosti, ktorá obsahuje vzťah rozhodovateľa k riziku. Modelovanie preferencií pomocou funkcie užitočnosti je subjektívnym procesom. Niektoré metódy odhadu užitočnosti založené na ekvivalente istoty. Opis exponenciálnej funkciu užitočnosti. Pretože odhadnutá funkcia užitočnosti obsahuje vzťah k riziku, rozhodovateľ môže uprednostniť maximalizáciu užitočnosti pred maximalizáciou očakávanej hodnoty. 
610 2 0 |a rozhodovanie 
610 2 0 |a rozhodovanie podnikové 
610 2 0 |a riziko 
610 2 0 |a funkcie úžitkové 
100 1 |a Sušienková, Katarína, 1967-